LEADER 04310nam 2200649 450 001 9910141191803321 005 20221206095748.0 010 $a1-118-01408-1 010 $a1-118-01410-3 010 $a1-118-01409-X 024 7 $a10.1002/9781118014103 035 $a(CKB)2670000000133433 035 $a(EBL)708847 035 $a(SSID)ssj0000667299 035 $a(PQKBManifestationID)11457011 035 $a(PQKBTitleCode)TC0000667299 035 $a(PQKBWorkID)10674755 035 $a(PQKB)10243675 035 $a(MiAaPQ)EBC708847 035 $a(MiAaPQ)EBC4030400 035 $a(CaBNVSL)mat08040451 035 $a(IDAMS)0b00006485f0ee66 035 $a(IEEE)8040451 035 $a(PPN)260597376 035 $a(OCoLC)746326325 035 $a(EXLCZ)992670000000133433 100 $a20171024d2008 uy 101 0 $aeng 135 $aur|n|---||||| 181 $ctxt 182 $cc 183 $acr 200 00$aFiber optic sensors $ean introduction for engineers and scientists /$fedited by Eric Udd, William B.Spillman, Jr 205 $a2nd ed. 210 1$aHoboken, New Jersey :$cJohn Wiley & Sons,$d2011. 210 2$a[Piscataqay, New Jersey] :$cIEEE Xplore,$d[2011] 215 $a1 online resource (514 p.) 300 $aIncludes index. 311 $a0-470-12684-1 327 $aPreface. -- About the Authors. -- Contributors. -- 1 The Emergence of Fiber Optic Sensor Technology (Eric Udd). -- 2 Optical Fibers (Daniel A. Nolan, Paul E. Blaszyk, and Eric Udd). -- 3 Light Sources (Eric Udd). -- 4 Optical Detectors (William B. Spillman, Jr.). -- 5 Optical Modulators for Fiber Optic Sensors (Leonard M. Johnson). -- 6 Intensity-Based and Fabry / Perot Interferometer Sensors (Gordon L. Mitchell). -- 7 Multimode Grating Sensors (William B. Spillman, Jr.). -- 8 Multimode Polarization Sensors (William B. Spillman, Jr.). -- 9 Fiber Optic Sensors Based on the Sagnac Interferometer and Passive Ring Resonator (Eric Udd). -- 10 Fiber Optic Sensors Based on the Mach / Zehnder and Michelson Interferometers (Anthony Dandridge). -- 11 Distributed and Multiplexed Fiber Optic Sensors (Alan D. Kersey). -- 12 Fiber Optic Magnetic Sensors (Frank Bucholtz). -- 13 Industrial Applications of Fiber Optic Sensors (John W. Berthold III). -- 14 Fiber Optic Smart Structures (Eric Udd). -- 15 Fiber Grating Sensors (Eric Udd). -- 16 Fiber Optic Biosensors (William B. Spillman, Jr.). -- Index. 330 $a"Since the technology has moved strongly into a number of different areas a textbook of this sort could be used by a wide variety of academic departments including physics, electrical engineering, mechanical engineering, civil engineering, aerospace engineering and bioengineering. To make the second edition as widely appealing as possible a series of significant upgrades are planned. 1. The book will be structured to support a variety of academic programs 2. Fundamental components and optical concepts will be supported by a new chapter on sensor concepts and upgrades/updates of the chapters on optical fiber, light sources, detectors and modulators. 3. Each of the existing fiber optic sensor chapters will be updated with major upgrades of the fiber etalon and intensity sensor based chapter that will split into two. A new chapter will be introduced on fiber grating sensors and Brillouin distributed sensing. 4. The "application" chapters of the first edition will be updated and new application chapters introduced on fiber biosensors and fiber optic civil structures. The fiber optic smart structure chapter will be extensively rewritten. 5. Questions will be added to the chapters that will serve to support traditional undergraduate and graduate level courses"--$cProvided by publisher. 330 $a"The book will be structured to support a variety of academic programs"--$cProvided by publisher. 606 $aFiber optics 606 $aOptical fiber detectors 615 0$aFiber optics. 615 0$aOptical fiber detectors. 676 $a681.25 676 $a681/.25 701 $aUdd$b Eric$0960338 701 $aSpillman$b William B$0960339 801 0$bCaBNVSL 801 1$bCaBNVSL 801 2$bCaBNVSL 906 $aBOOK 912 $a9910141191803321 996 $aFiber optic sensors$92176813 997 $aUNINA LEADER 03179nam1 22004331i 450 001 UON00422193 005 20231205104830.292 100 $a20130410g19561964 |0itac50 ba 101 $afre 102 $aFR 105 $a|||| 1|||| 200 1 $aJournal littéraire$fde Paul Léautaud 210 $aParis$cMercure de France$d1956-1964 215 $a16 vol.$d21 cm. 463 1$1001UON00422194$12001 $aˆ1.: ‰1893-1906$fde Paul Léautaud$1210 $aParis$cMercure de France$d1956$1215 $a364 p.$d21 cm.$v1 463 1$1001UON00422195$12001 $aˆ2.: ‰1907-1909$fde Paul Léautaud$1210 $aParis$cMercure de France$d1955$1215 $a424 p.$d21 cm.$v2 463 1$1001UON00422196$12001 $aˆ3.: ‰1910-1921$fde Paul Léautaud$1210 $aParis$cMercure de France$d1956$1215 $a389 p.$d21 cm.$v3 463 1$1001UON00422197$12001 $aˆ4.: ‰1922-1924$fde Paul Léautaud$1210 $aParis$cMercure de France$d1957$1215 $a403 p.$d21 cm.$v4 463 1$1001UON00422198$12001 $aˆ5.: ‰Janvier 1925-Juin 1927$fde Paul Léautaud$1210 $aParis$cMercure de France$d1958$1215 $a412 p.$d21 cm.$v5 463 1$1001UON00422199$12001 $aˆ6.: ‰Juillet 1927 - Juin1928$fde Paul Léautaud$1210 $aParis$cMercure de France$d1959$1215 $a347 p.$d21 cm.$v6 463 1$1001UON00422200$12001 $aˆ7.: ‰Juin 1928 - Juillet 1929$fde Paul Léautaud$1210 $aParis$cMercure de France$d1959$1215 $a382 p.$d21 cm.$v7 463 1$1001UON00422201$12001 $aˆ8.: ‰Aout 1929 - Mai 1931$fde Paul Léautaud$1210 $aParis$cMercure de France$d1960$1215 $a381 p.$d21 cm.$v8 463 1$1001UON00422202$12001 $aˆ9.: ‰Mai 1931 - Octobre 1932$fde Paul Léautaud$1210 $aParis$cMercure de France$d1960$1215 $a383 p.$d21 cm.$v9 463 1$1001UON00422203$12001 $aˆ10.: ‰Octobre 1932 - Janvier 1935$fde Paul Léautaud$1210 $aParis$cMercure de France$d1961$1215 $a382 p.$d21 cm.$v10 463 1$1001UON00422204$12001 $aˆ11.: ‰Janvier 1935 - Mai 1937$fde Paul Léautaud$1210 $aParis$cMercure de France$d1961$1215 $a380 p.$d21 cm.$v11 463 1$1001UON00422205$12001 $aˆ12.: ‰Mai 1937 - Fevrier 1940$fde Paul Léautaud$1210 $aParis$cMercure de France$d1962$1215 $a381 p.$d21 cm.$v12 463 1$1001UON00422206$12001 $aˆ13.: ‰Fevrier 1940 - Juin 1941$fde Paul Léautaud$1210 $aParis$cMercure de France$d1962$1215 $a382 p.$d21 cm.$v13 463 1$1001UON00422207$12001 $aˆ14.: ‰Juillet 1941 - Novembre 1942$fde Paul Léautaud$1210 $aParis$cMercure de France$d1963$1215 $a383 p.$d21 cm.$v14 463 1$1001UON00422208$12001 $aˆ15.: ‰Novembre 1942 - Juin 1944$fde Paul Léautaud$1210 $aParis$cMercure de France$d1963$1215 $a383 p.$d21 cm.$v15 463 1$1001UON00422209$12001 $aˆ16.: ‰Juillet 1944 - Aout 1946$fde Paul Léautaud$1210 $aParis$cMercure de France$d1964$1215 $a381 p.$d21 cm.$v16 606 $aGIORNALISMO LETTERARIO$3UONC042050$2FI 620 $aFR$dParis$3UONL002984 676 $a070.92$cGiornalismo e giornali. Persone$v21 700 1$aLEAUTAUD$bPaul$3UONV215119$0197395 712 $aMercure de France$3UONV255879$4650 801 $aIT$bSOL$c20240220$gRICA 912 $aUON00422193 996 $aJournal littéraire$9162865 997 $aUNIOR